| 000 | 00559nam a2200121Ia 4500 | ||
|---|---|---|---|
| 008 | 220620s9999||||xx |||||||||||||| ||und|| | ||
| 245 | 4 | _aThe Pacific challenge - Development trends in the 21st century | |
| 546 | _aEnglish[eng] | ||
| 650 | _adevelopment aid: southeast asia||pacific||China||Democracy||Foreign direct investment||Indonesia||Vietnam | ||
| 700 | _aWaibel, Michael||Kreisel, Werner | ||
| 856 | _uhttps://library.oapen.org/bitstream/20.500.12657/32599/1/610251.pdf||https://library.oapen.org/bitstream/20.500.12657/32599/1/610251.pdf | ||
| 942 | _cEB | ||
| 999 |
_c26572 _d26572 |
||